<?xml version="1.0" encoding="UTF-8"?>
<record
    xmlns:xsi="http://www.w3.org/2001/XMLSchema-instance"
    xsi:schemaLocation="http://www.loc.gov/MARC21/slim http://www.loc.gov/standards/marcxml/schema/MARC21slim.xsd"
    xmlns="http://www.loc.gov/MARC21/slim">

  <leader>00556    a2200169   4500</leader>
  <controlfield tag="005">20250520090143.0</controlfield>
  <datafield tag="020" ind1=" " ind2=" ">
    <subfield code="a">0-17-610524-7</subfield>
  </datafield>
  <datafield tag="082" ind1=" " ind2=" ">
    <subfield code="a">LECT 338.5 MAN</subfield>
  </datafield>
  <datafield tag="100" ind1=" " ind2=" ">
    <subfield code="a">MANKIW, N. G.</subfield>
  </datafield>
  <datafield tag="245" ind1=" " ind2=" ">
    <subfield code="a">Principles of Macroeconomics </subfield>
  </datafield>
  <datafield tag="250" ind1=" " ind2=" ">
    <subfield code="a">4th Ed.</subfield>
  </datafield>
  <datafield tag="260" ind1=" " ind2=" ">
    <subfield code="a">Australia,</subfield>
    <subfield code="b">Thomson,</subfield>
    <subfield code="c">2008.</subfield>
  </datafield>
  <datafield tag="300" ind1=" " ind2=" ">
    <subfield code="a">xxxii, 463p.: ill.; figure, picture, table.</subfield>
    <subfield code="b">Glossary &amp; Index.</subfield>
    <subfield code="c">27cm.</subfield>
  </datafield>
  <datafield tag="700" ind1=" " ind2=" ">
    <subfield code="a">KNEEBONE, R. D., McKENZIE, K. J. &amp; ROWE, N.</subfield>
  </datafield>
  <datafield tag="856" ind1=" " ind2=" ">
    <subfield code="y">Access Online Book</subfield>
    <subfield code="f">Principles of Macroeconomics </subfield>
    <subfield code="d">http://www.mankiw4e.nelson.com</subfield>
  </datafield>
  <datafield tag="942" ind1=" " ind2=" ">
    <subfield code="2">ddc</subfield>
    <subfield code="c">BKS</subfield>
  </datafield>
  <datafield tag="999" ind1=" " ind2=" ">
    <subfield code="c">2473</subfield>
    <subfield code="d">2473</subfield>
  </datafield>
  <datafield tag="952" ind1=" " ind2=" ">
    <subfield code="r">2025-05-20 09:03:40</subfield>
    <subfield code="l">0</subfield>
    <subfield code="o">LECT 338.5 MAN</subfield>
    <subfield code="p">0000009303</subfield>
    <subfield code="v">105000.00</subfield>
    <subfield code="w">2025-05-20</subfield>
    <subfield code="y">BKS</subfield>
    <subfield code="1">0</subfield>
    <subfield code="2">ddc</subfield>
    <subfield code="4">0</subfield>
    <subfield code="7">0</subfield>
    <subfield code="0">0</subfield>
    <subfield code="a">CBEML</subfield>
    <subfield code="b">CBEML</subfield>
    <subfield code="c">GEN</subfield>
    <subfield code="d">2014-11-28</subfield>
    <subfield code="g">35000.00</subfield>
  </datafield>
  <datafield tag="952" ind1=" " ind2=" ">
    <subfield code="r">2025-06-27 13:50:14</subfield>
    <subfield code="l">0</subfield>
    <subfield code="o">339 SAY</subfield>
    <subfield code="p">DOM0003244</subfield>
    <subfield code="v">135000.00</subfield>
    <subfield code="w">2025-06-27</subfield>
    <subfield code="y">BKS</subfield>
    <subfield code="1">0</subfield>
    <subfield code="2">ddc</subfield>
    <subfield code="4">0</subfield>
    <subfield code="7">0</subfield>
    <subfield code="0">0</subfield>
    <subfield code="a">004</subfield>
    <subfield code="b">004</subfield>
    <subfield code="c">GEN</subfield>
    <subfield code="d">2019-06-01</subfield>
    <subfield code="g">45000.00</subfield>
  </datafield>
  <datafield tag="952" ind1=" " ind2=" ">
    <subfield code="r">2025-06-27 17:56:05</subfield>
    <subfield code="l">0</subfield>
    <subfield code="o">339MAN</subfield>
    <subfield code="p">DOM0002623</subfield>
    <subfield code="v">135000.00</subfield>
    <subfield code="w">2025-06-27</subfield>
    <subfield code="y">BKS</subfield>
    <subfield code="1">0</subfield>
    <subfield code="2">ddc</subfield>
    <subfield code="4">0</subfield>
    <subfield code="7">0</subfield>
    <subfield code="0">0</subfield>
    <subfield code="a">004</subfield>
    <subfield code="b">004</subfield>
    <subfield code="c">GEN</subfield>
    <subfield code="d">2014-06-04</subfield>
    <subfield code="g">45000.00</subfield>
  </datafield>
</record>
